Представление документа в формате RUSMARC

ПолеНазваниеЗначение
  Тип записи a
  Библиографический уровень m
001 Контрольный номер b942854686e84fdd821c00e633d6b354
005 Дата корректировки 20241122161316.6
010 Индекс ISBN __
a ISBN 978-5-00198-075-9
b Уточнения в пер.
d Цена 1567-00; 2071-00
100 Данные общей обработки __
a Данные общей обработки 20240619d2023 cd y0rusy028902 ca
101 Язык документа 1_
a Язык текста rus
c Язык оригинала eng
102 Страна публикации __
a Страна публикации RU
105 Кодированные данные (монография) __
a Кодированные данные (монография) a g 000yy
181 Поле кодированных данных: вид содержания _0
a Код вида содержания (ISBD) i
181 Поле кодированных данных: вид содержания _0
a Код вида содержания (ISBD) b
182 Поле кодированных данных: тип средства _0
a Код типа средства (ISBD) n
200 Заглавие и сведения об ответственности 1_
a Заглавие Тайны сухопутных динозавров
f Первые сведения об ответственности Янг Янг
g Последующие сведения об ответственности перевод с английского Галины Эрли
g Последующие сведения об ответственности иллюстрации: Чжао Чжуан
203 Вид содержания и тип средства __
a Вид содержания Текст
a Вид содержания Изображение
c Тип средства непосредственные
210 Выходные данные 1_
a Место издания Москва
c Издательство ЭНАС-КНИГА
d Дата издания 2023
215 Физическое описание __
a Объем 229, [1] с.
c Иллюстрации/тип воспроизводства цв. ил.
d Формат 27 см
225 Серия 2_
a Серия Миллионы лет назад...
300 Общие примечания __
a Общие примечания На обложке и корешке: Чжао Чжуан & Янг Янг
320 Библиография __
a Библиография Алфавитный указатель: с. 228-229
330 Аннотация __
a Аннотация Эта познавательная книга с уникальными научно-художественными иллюстрациями известного китайского художника Чжуана Чжао рассказывает о сухопутных динозаврах мезозойской эры. Она создана в тесном сотрудничестве с известными учеными из крупнейших мировых университетов на основе последних открытий в области палеонтологии. Книга представляет собой энциклопедию со стройной, ясной и хорошо продуманной системой подачи информации; это делает ее доступной даже для самых юных читателей. Книга, без сомнения, будет интересна всем, кто увлечен этой захватывающей темой.
606 Тематические рубрики __
a Основная рубрика Биология
2 Код системы nlr_sh
606 Тематические рубрики __
2 Код системы nlr_sh
a Основная рубрика Палеонтология
610 Ключевые слова 0_
a Ключевые слова детская литература
610 Ключевые слова 0_
a Ключевые слова сухопутные динозавры
610 Ключевые слова 0_
a Ключевые слова мезозойская эра
610 Ключевые слова 0_
a Ключевые слова динозавры
610 Ключевые слова 0_
a Ключевые слова животные
610 Ключевые слова 0_
a Ключевые слова ископаемые животные
610 Ключевые слова 0_
a Ключевые слова древние животные
610 Ключевые слова 0_
a Ключевые слова исчезнувшие животные
610 Ключевые слова 0_
a Ключевые слова познавательная литература
610 Ключевые слова 0_
a Ключевые слова вымершие животные
686 Индексы других классификаций __
2 Код системы rubbks
a Классификационный индекс ст28.1я2
700 Автор _0
a Фамилия Янг Янг
4 Код отношения 070
702 Вторичная интеллектуальная ответственность _0
a Фамилия Чжао Чжуан
4 Код отношения 730
702 Вторичная интеллектуальная ответственность _1
a Фамилия Эрли
b Имя Г. И.
g Полное личное имя Галина Игоревна
4 Код отношения 730
801 Источник записи _0
b Организация Муниципальное бюджетное учреждение культуры "Централизованная библиотечная система" г. Сургут (Центральная городская библиотека им. А. С. Пушкина)
a Страна RU
c Дата составления 20240619
g Правила каталогизации PSBO
801 Источник записи _1
b Организация Муниципальное бюджетное учреждение культуры "Централизованная библиотечная система" г. Сургут (Центральная городская библиотека им. А. С. Пушкина)
a Страна RU
c Дата составления 20240619
g Правила каталогизации PSBO
852 Данные о местонахождении 5_
j Шифр хранения ст28.1я2
i Авторский знак Я 60
900 Макрообъекты __
a Макрообъекты Тайны сухопутных динозавров. Янг Янг., 2023
901 Тип документа __
a Ответственный ООФиК/Волкова
t Тип документа m
903 Характеристики (МАРС) __
a Дата передачи 20240619
c Наименование библиотеки (МАРС) Муниципальное бюджетное учреждение культуры "Централизованная библиотечная система" г. Сургут (Центральная городская библиотека им. А. С. Пушкина)
969 Тип издания __
a Тип издания издание для детей
a Тип издания научно-популярное издание
990 Данные о заказе (DOS) __
j Количество экземпляров (DOS) 3
t N записи в КСУ для И/У (DOS) 202407